000 00901cab a22002055a 4500
001 L153224
008 110624s2011 xxk f 000 0 eng d
035 _a(Sirsi) u153224
041 0 _aeng
100 1 _aWheater, Michael
245 0 0 _aReasonable settlement revisited
260 _c2011
490 0 _aConstruction Law Journal
_v27(4) 2011, 259-267(9)
520 _aConsiders recent cases against the background of those which have come before; seeks to distil a pragmatic approach for both claimants and defendants faced with a reasonable settlement claim; Biggin v Permanite, Siemens Building Technologies v Supershield.
590 _aKA
651 4 _aUnited Kingdom
_y
690 _aBUILT ENVIRONMENT-CONSTRUCTION MANAGEMENT-BUILDING CONTRACT ADMINISTRATION
690 _aMANAGEMENT-DISPUTE AVOIDANCE, MANAGEMENT AND RESOLUTION-DISPUTE MANAGEMENT AND RESOLUTION-ARBITRATION
942 _n0
999 _c83233
_d83233